| 000 | 00995nas a2200313 4500 | ||
|---|---|---|---|
| 001 | BR0806046 | ||
| 003 | BR-BrBNA | ||
| 005 | 20231205112054.0 | ||
| 007 | ta | ||
| 008 | 230509b bl.|||p| |||| 00| 00por d | ||
| 040 |
_aBR-BrBNA _bpor _cBiblioteca Nacional de Agricultura |
||
| 041 | _a(Pt) | ||
| 072 | _aL02; E10 | ||
| 100 | 1 | _aSilva, A.M.R. da | |
| 100 | 1 | _aBerto, D.A. | |
| 100 | 1 | _aLima, G.J.M.M. de | |
| 100 | 1 | _aWechesler, F.S. | |
| 100 | 1 | _aPadilha, P. de M. | |
| 100 | 1 | _aCastro, V.S. | |
| 245 | 1 | _aValor nutricional e viabilidade econômica de rações suplementadas com maltodextrina e acidificante para leitões desmamados | |
| 650 | _aÁCIDO ORGÂNICO | ||
| 650 | _aANÁLISE ECONÔMICA | ||
| 650 | _aCARBOIDRATO | ||
| 650 | _aPRODUTO DERIVADO DO LEITE | ||
| 650 | _aSUÍNO | ||
| 773 | 0 |
_tRevista Brasileira de Zootecnia (Brazil) _xISSN 1516-3598 _g(Feb 2008), v. 37(2) p. 286-295 _wBR0806046 |
|
| 909 |
_a202311 _bLúcia _c55 _dLúcia Elande |
||
| 942 |
_2AGRIS _n0 _cANA |
||
| 999 |
_c195946 _d195946 |
||